Limited rights of passage (Record no. 70687)
[ view plain ]
| 000 -LEADER | |
|---|---|
| fixed length control field | 01492cam a2200241 4500 |
| 001 - CONTROL NUMBER | |
| control field | ABS65612 |
| 008 - FIXED-LENGTH DATA ELEMENTS--GENERAL INFORMATION | |
| fixed length control field | 020708n2002 000 0 eng u |
| 035 ## - SYSTEM CONTROL NUMBER | |
| System control number | (Sirsi) u118742 |
| 100 ## - MAIN ENTRY--PERSONAL NAME | |
| Personal name | Castorina, G. |
| 245 ## - TITLE STATEMENT | |
| Title | Limited rights of passage |
| 260 ## - PUBLICATION, DISTRIBUTION, ETC. | |
| Date of publication, distribution, etc. | 2002 |
| 490 ## - SERIES STATEMENT | |
| Series statement | Estates Gazette |
| Volume/sequential designation | (0226) 29 June 2002, 134-135(2) |
| 520 ## - SUMMARY, ETC. | |
| Summary, etc. | First part of two articles looks at the legislation which has affected travellers over the last few decades and what new developments are now possible. Notes that the Caravan Sites and Control of Development Act 1960 first empowered local authorities to close commons to travellers. This was followed by the Town and Country Act 1990 which gives authorities power to apply for an injunction to remedy a breach of planning control. Some further changes have been introduced by the Human Rights Act 1998 which gives everyone the right to respect for private and family life. Comments that from now on travellers and gypsies should enjoy greater success in fending off injunctions by local authorities but notes that these authorities are no longer under any duty to provide sites for travellers. |
| 590 ## - LOCAL NOTE (RLIN) | |
| Local note | ABS |
| 650 ## - SUBJECT ADDED ENTRY--TOPICAL TERM | |
| Topical term or geographic name entry element | TRAVELLERS |
| 650 ## - SUBJECT ADDED ENTRY--TOPICAL TERM | |
| Topical term or geographic name entry element | CARAVAN SITES AND CONTROL OF DEVELOPMENT ACT 1960 |
| 650 ## - SUBJECT ADDED ENTRY--TOPICAL TERM | |
| Topical term or geographic name entry element | CARAVAN SITES ACT 1968 |
| 650 ## - SUBJECT ADDED ENTRY--TOPICAL TERM | |
| Topical term or geographic name entry element | TOWN AND COUNTRY PLANNING ACT 1990 |
| 650 ## - SUBJECT ADDED ENTRY--TOPICAL TERM | |
| Topical term or geographic name entry element | HUMAN RIGHTS ACT 1998 |
| 690 ## - LOCAL SUBJECT ADDED ENTRY--TOPICAL TERM (OCLC, RLIN) | |
| Topical term or geographic name as entry element | ENVIRONMENTAL AND LAND CONSULTANCY-ENVIRONMENTAL MANAGEMENT |
| 700 ## - ADDED ENTRY--PERSONAL NAME | |
| Personal name | Shelton, M. |
| 942 ## - ADDED ENTRY ELEMENTS (KOHA) | |
| Suppress in OPAC | 0 |
| Withdrawn status | Lost status | Source of classification or shelving scheme | Damaged status | Not for loan | Home library | Current library | Shelving location | Date acquired | Total Checkouts | Full call number | Barcode | Date last seen | Copy number | Price effective from | Koha item type |
|---|---|---|---|---|---|---|---|---|---|---|---|---|---|---|---|
| Dewey Decimal Classification | London | London | Journal article | 08/07/2002 | ABS65612 | 118742-1001 | 06/08/2019 | 1 | 06/08/2019 | Journal article |